Loading...
| Fine Arts - Classical Music | 1 | 10.00 | 0% | 600% | 0% |
| Fine Arts - Other | 2 | 15.00 | 1,800% | 300% | 450% |
| History - American | 1 | 10.00 | 0% | 0% | 900% |
| History - Other | 2 | 10.00 | 1,800% | 0% | 300% |
| History - World | 2 | 30.00 | 5,850% | 750% | 750% |
| Literature - British | 1 | 10.00 | 0% | 600% | 0% |
| Literature - European | 1 | 20.00 | 0% | 600% | 600% |
| Literature - World | 1 | 20.00 | 8,100% | 0% | 900% |
| Mythology | 1 | 10.00 | 0% | 0% | 900% |
| Other | 2 | 15.00 | 1,800% | 450% | 300% |
| Philosophy | 1 | 20.00 | 0% | 600% | 600% |
| Religion | 1 | 10.00 | 0% | 600% | 0% |
| Science - Biology | 1 | 10.00 | 0% | 0% | 900% |
| Science - Other | 1 | 10.00 | 3,600% | 0% | 0% |
| Social Science | 2 | 20.00 | 5,850% | 0% | 750% |